| 000 | 00759nam a22002537a 4500 | ||
|---|---|---|---|
| 003 | OSt | ||
| 005 | 20140310182438.0 | ||
| 008 | 130311t xxu||||| |||| 00| 0 eng d | ||
| 020 | _a0721632467 | ||
| 050 |
_aRC 78 _b.B853 1992 |
||
| 100 |
_aBurns, Evelyn Frank. _97372 |
||
| 245 |
_aRadiographic imaging : _ba guide for producing quality radiographs / _cEvelyn Frank Burns. |
||
| 260 |
_aMetro, Manila: _bGiuani Prints House, _cc1992. |
||
| 300 |
_a215 p. : _c28 cm. _bill. ; |
||
| 650 |
_aQuality control. _97589 |
||
| 650 |
_aRadiography. _xstandards _98422 |
||
| 650 |
_atechnology, radiologic. _xstandards. _98423 |
||
| 942 |
_2lcc _cSSLC |
||
| 999 |
_c13485 _d13485 |
||